000 00588nam a22001937a 4500
005 20251108175456.0
008 250721s2011 xx 000 0 ara d
082 1 4 _a649.1/ ريا
100 1 _aرياض، سعد
245 1 0 _aتربية الأبناء خارج المنزل /
264 1 _aالقاهرة :
_bمؤسسة اقرأ للنشر والتوزيع،
_c2011.
300 _a383ص.
650 1 7 _aالتربية
650 1 7 _aتنشئة الاطفال
650 1 7 _aالاباء
650 1 7 _aالعلاقات داخل الاسرة
942 _2ddc
_cBK
999 _c135001
_d135001